000 004960000a22001930004500
001 003945
003 MACL
005 20150710151236.0
008 150710b xxu||||| |||| 00| 0 eng d
040 _aMACL
_cMACL
041 _aEnglish
082 _a307.1412/ANE
100 _aAnees, Arul
_91632
245 _aProcess Evaluation Of Rural Development Programmes
_cArul Anees
260 _aDelhi
_c2000
_bAuthors Press,
350 _a350
650 _aSocial Science
_91633
942 _k307
_cBK
_2ddc
999 _c15838
_d15838